00360nam a2200157Ia 45000030006000000050017000060080041000230400015000641000033000792450029001122460018001412500006001592600017001653000006001825460014001880STCL20241005095347.0150530s9999 xx 000 0 und d aSTCLcSTCL aKainikkara Padmanabha Pillai aചെറുകഥകൾ aCherukathakal a1 bAuthorc1966 a0 aMalayalam